000 00570 a2200193 4500
001 63199
005 20260407155927.0
008 260407a1968 arg spa d
003 AR-UNSa-BCEJYS
040 _aAR-UNSa-BCEJYS
_bspa
_cAR-UNSa-BCEJYS
080 _a510
_xConsideraciones fundamentales y generales de las matemáticas
245 1 0 _aEl libro de la matemática moderna
264 1 _aBarcelona :
_bEdiciones Omega
_c1968
300 _a279 p.
_c22 cm.
041 _aspa
942 _cBK
590 _aniveau_biblio:m niveau_hierar:0
100 1 _aFuchs, Walter R.
999 _c8040
_d8040